000 00369pam a2200157a 44500
008 230515b1991 xxu||||| |||| 00| 0 eng d
020 _aNULL
041 _aENGLISH
082 _aN.D.
100 _aDeo Narsingh
245 _aSystem Simulation With Digital Computer
250 _a0
260 _aNULL
_bPrentice Hall of India
_c1991
300 _a1
650 _aNULL
999 _c574376
_d574376